American Universities - Sudden Death - Statistics

General Stats
  • This quiz has been taken 388 times
    292 since last reset
  • The average score is 9 of 12
Answers on the Grid
Answers color-coded by a green-red scale on the quiz's grid according to % correct below.
Bowdoin
Princeton
RMIT
MIT
Oxford
McGill
Stanford
Cambridge
McMaster
William & Mary
Johns Hopkins
Monash
Brown
University of Amsterdam
Sorbonne
Purdue
Lund
Carnegie Mellon
Amherst
Harvard
CalTech
 
Answer Stats
Answer % Correct
Princeton
96%
MIT
90%
Stanford
89%
Harvard
87%
Brown
83%
Johns Hopkins
77%
CalTech
76%
Purdue
72%
William & Mary
57%
Carnegie Mellon
56%
Amherst
54%
Bowdoin
45%
No matching quizzes found
Score Distribution
Percent of People with Each Score
Percentile by Number Answered
Your Score History
You have not taken this quiz since the last reset